Statistics for Sugar Rush - BIBI (lyrics)

Click here to take the quiz!

General Stats

  • This quiz has been taken 5 times
  • The average score is 232 of 299

Answer Stats

Answer% Correct
a
100%
And
100%
and
100%
don't
100%
Don't
100%
free
100%
freezer
100%
go
100%
go,
100%
got
100%
I
100%
in
100%
it
100%
man
100%
my
100%
need
100%
no
100%
No
100%
popsicles
100%
rush
100%
Rush,
100%
rush,
100%
sugar
100%
You
100%
you
100%
ain't
67%
artificial
67%
baby,
67%
baker
67%
bang
67%
Bang,
67%
bang,
67%
behavior
67%
Bet
67%
both
67%
boy,
67%
bread,
67%
but
67%
butter
67%
cake,
67%
candy
67%
close,
67%
cover
67%
dessert
67%
dough
67%
duck
67%
eat
67%
'em
67%
fall
67%
first
67%
flavors
67%
for
67%
get
67%
girl
67%
give
67%
gon'
67%
Good
67%
gotta
67%
had
67%
handsy
67%
her
67%
Homemade
67%
hurt
67%
if
67%
I'll
67%
I'm
67%
lemonade,
67%
like
67%
look
67%
love
67%
make
67%
more
67%
never
67%
on
67%
One
67%
pay
67%
samples,
67%
shots,
67%
smooth
67%
sucker
67%
sweet
67%
Sweet
67%
sweetener
67%
take
67%
taste
67%
teeth
67%
They
67%
thirty-one
67%
this
67%
till
67%
to
67%
touch
67%
try
67%
up
67%
who
67%
Won't
67%
worst
67%
yeah)
67%
Yeah,
67%
yeah,
67%
(Yeah,
67%
your
67%
bitch
33%
could
33%

Score Distribution

Percentile by Number Answered

Percent of People with Each Score

Your Score History

You have not taken this quiz